| 000 | 00000nam##2200000za#4500 |
| 001 | 9.614550 |
| 003 | CaOODSP |
| 005 | 20211126112847 |
| 007 | ta |
| 008 | 150406|1998||||xxc||||| f|0| 0 eng|d |
| 020 | |a0-662-27166-1 |
| 022 | |a1192-5434 |
| 040 | |aCaOODSP|beng |
| 043 | |an-cn--- |
| 086 | 1 |aFB3-2/98-14E |
| 110 | 2 |aBank of Canada. |
| 245 | 10|aNon-linearities in the output-inflation relationship : |bsome empirical results for Canada / |cby Chantal Dupasquier and Nicholas Ricketts. |
| 260 | |aOttawa - Ontario : |bBank of Canada |c1998. |
| 300 | |a22p. : |bgraphs, references, tables ; |c28 cm. |
| 490 | 1 |aWorking paper|x1192-5434|v98-14 |
| 500 | |a"This paper analyzes the short-run dynamic process of inflation in Canada and examines whether a systematic variation in the relationship between inflation and output can be detected over time.... Evidence for four different types of asymmetry is presented in the context of shot-run Phillips curves estimated in a state-space framework. The results suggest that there is significant time variation in the trade-off in Canada, but that it is difficult to distinguish definitively among the possible models generating the non-linearity."--Abstract. |
| 520 | 3 |aThis paper analyzes the short-run dynamic process of inflation in Canada and examines whether a systematic variation in the relationship between inflation and output can be detected over time.... Evidence for four different types of asymmetry is presented in the context of shot-run Phillips curves estimated in a state-space framework. The results suggest that there is significant time variation in the trade-off in Canada, but that it is difficult to distinguish definitively among the possible models generating the non-linearity.--Abstract |
| 546 | |aRésumés en français |
| 563 | |aSoftcover |
| 590 | |a98-36|b1998-09-04 |
| 720 | 1 |aRicketts, Nicholas |
| 720 | 1 |aDupasquier, Chantal |
| 776 | 0#|tNon-linearities in the output-inflation relationship : |w(CaOODSP)9.571677 |
| 830 | #0|aWorking paper,|x1192-5434|v98-14|w(CaOODSP)9.514622 |